000
00290nam a2200121Ia 4500
008
190216s9999||||xx |||||||||||||| ||und||
100
_a
Khanna D R 
 Bedi R S
245
2
_a
A Text Book Of Sound
260
_b
Atmaram &sons
_c
1984
300
_a
508 p
650
_a
Physics
942
_c
BK
999
_c
32967
_d
32967